Strengthening governance through access to justice / (Record no. 2422)

000 -LEADER
fixed length control field 01516cam a2200421 a 4500
001 - CONTROL NUMBER
control field 16887276
003 - CONTROL NUMBER IDENTIFIER
control field OSt
005 - DATE AND TIME OF LATEST TRANSACTION
control field 20170105101151.0
008 - FIXED-LENGTH DATA ELEMENTS--GENERAL INFORMATION
fixed length control field 110725s2009 ii b 000 0 eng d
010 ## - LIBRARY OF CONGRESS CONTROL NUMBER
LC control number 2011311156
020 ## - INTERNATIONAL STANDARD BOOK NUMBER
International Standard Book Number 9788120336971
020 ## - INTERNATIONAL STANDARD BOOK NUMBER
International Standard Book Number 8120336976
025 ## - OVERSEAS ACQUISITION NUMBER
Overseas acquisition number I-E-2011-311156; 71-90; 71-08
035 ## - SYSTEM CONTROL NUMBER
System control number (OCoLC)ocn316324003
035 ## - SYSTEM CONTROL NUMBER
System control number (OCoLC)316324003
037 ## - SOURCE OF ACQUISITION
Stock number Library of Congress -- New Delhi Overseas Office
040 ## - CATALOGING SOURCE
Original cataloging agency DKAGE
Language of cataloging eng
Transcribing agency DKAGE
Modifying agency DLC
042 ## - AUTHENTICATION CODE
Authentication code lccopycat
-- lcode
043 ## - GEOGRAPHIC AREA CODE
Geographic area code az-----
050 00 - LIBRARY OF CONGRESS CALL NUMBER
Classification number KNC457
Item number .S774 2009
082 04 - DEWEY DECIMAL CLASSIFICATION NUMBER
Classification number 347.54017
Edition number 22
245 00 - TITLE STATEMENT
Title Strengthening governance through access to justice /
Statement of responsibility, etc. editors, Amita Singh, Nasir Aslam Zahid.
260 ## - PUBLICATION, DISTRIBUTION, ETC.
Place of publication, distribution, etc. New Delhi :
Name of publisher, distributor, etc. PHI Learning,
Date of publication, distribution, etc. 2009.
300 ## - PHYSICAL DESCRIPTION
Extent vii, 180 p. ;
Dimensions 24 cm.
500 ## - GENERAL NOTE
General note Contributed articles.
500 ## - GENERAL NOTE
General note "Eastern economy edition"--Cover.
504 ## - BIBLIOGRAPHY, ETC. NOTE
Bibliography, etc. note Includes bibliographical references.
505 0# - FORMATTED CONTENTS NOTE
Formatted contents note section 1. Just space for the poor in judicial systems -- section 2. Procedural fairness and restorative justice.
650 #0 - SUBJECT ADDED ENTRY--TOPICAL TERM
Topical term or geographic name entry element Justice, Administration of
Geographic subdivision South Asia.
650 #0 - SUBJECT ADDED ENTRY--TOPICAL TERM
Topical term or geographic name entry element Poor laws
Geographic subdivision South Asia.
650 #0 - SUBJECT ADDED ENTRY--TOPICAL TERM
Topical term or geographic name entry element Restorative justice
Geographic subdivision South Asia.
700 1# - ADDED ENTRY--PERSONAL NAME
Personal name Singh, Amita,
Dates associated with a name 1955-
700 1# - ADDED ENTRY--PERSONAL NAME
Personal name Zahid, Nasir Aslam.
856 41 - ELECTRONIC LOCATION AND ACCESS
Materials specified Table of contents only
Uniform Resource Identifier <a href="http://www.loc.gov/catdir/toc/fy13pdf01/2011311156.html">http://www.loc.gov/catdir/toc/fy13pdf01/2011311156.html</a>
906 ## - LOCAL DATA ELEMENT F, LDF (RLIN)
a 7
b cbc
c copycat
d 2
e ncip
f 20
g y-gencatlg
942 ## - ADDED ENTRY ELEMENTS (KOHA)
Source of classification or shelving scheme
Koha item type Book
Holdings
Withdrawn status Lost status Source of classification or shelving scheme Damaged status Not for loan Collection code Permanent Location Current Location Shelving location Date acquired Full call number Barcode Date last seen Price effective from Koha item type
            NUST Law School (NLS) NUST Law School (NLS) General Stacks 06/26/2015 347.54017 STR S3H-S-215 06/26/2015 06/26/2015 Book
© 2023 Central Library, National University of Sciences and Technology. All Rights Reserved.